Nekonvenčné fyzikálne a chemické úpravy povrchových a objemových vlastností makromolekulových sústav na báze celulózy /

Uložené v:
Podrobná bibliografia
Hlavný autor: Lapčík, Ľubomír (Autor)
Médium: Kniha
Vydavateľské údaje: Bratislava : SVŠT v Bratislave, 1988
Tagy: Pridať tag
Žiadne tagy, Buďte prvý, kto otaguje tento záznam!

MARC

LEADER 00000nam a22000003a 4500
001 stu15083
005 20150617225800.9
008 ------s1988----cs----------------------d
040 |a STU  |b slo 
041 0
044 |a cs 
080 |a 678.54.001.5 
100 1 |a Lapčík, Ľubomír  |4 aut 
245 1 |a Nekonvenčné fyzikálne a chemické úpravy povrchových a objemových vlastností makromolekulových sústav na báze celulózy /  |c [aut.]Lapčík,Ľubomír 
260 |a Bratislava :  |b SVŠT v Bratislave,  |c 1988 
300 |a Nepr.str 
996 |b CVS78  |c C*VS78  |l CCI  |s A  |a 24  |w stu15083_0001